000 00682ntaaa2200217 4500
003 01
005 20251027201029.0
008 0714s1973 ag 01
020 _a8425412919
040 _aAR-BaBN
_bspa
_cAR-BaBN
_eaacr
_dRIC
082 _a150.198 F85p
100 _aFrankl, Victor E.
245 _aLa psicoterapia al alcance de todos; conferencias radiofónicas sobre terapéutica psíquica. /
_cVictor E. Frankl
250 _a2 ed.
260 _aBarcelona :
_bHerder,
_c1985
300 _a193 p. ;
_c20 cm.
500 _aLo que se puede leer en estas páginas es un poco de higiene psíquica práctica.
650 _aPsicoterapia
650 _aLogoterapia
_92783
942 _cBK
999 _c4428
_d4428